| 000 | 00423nam a2200157 a 4500 | ||
|---|---|---|---|
| 005 | 20140412111407.0 | ||
| 008 | 070828s19uu xx 00 eng d | ||
| 020 | _a1-84239-230-1 | ||
| 050 |
_aER _bAl11 2004 |
||
| 245 | _aAladdin and the magic lamp. | ||
| 260 |
_aLondon : _bAlligator books limited, _c2004. |
||
| 300 | _a20p. | ||
| 440 | _aClassic fairy tales | ||
| 650 |
_aChildren stories _xfiction |
||
| 999 |
_c105572 _d105572 |
||